| 000 | 00437nam a2200157 4500 | ||
|---|---|---|---|
| 001 | 109262 | ||
| 003 | ES-MaACL | ||
| 005 | 20230906184817.0 | ||
| 007 | t| | ||
| 008 | 061121s1969 sp r ||||1| spa d | ||
| 100 | 1 |
_aMuenching, L.L. von. _984046 |
|
| 245 | 1 | 0 |
_aBuques mercantes modernos / _cL.L. von Muenching. |
| 260 |
_aMadrid : _bSan MartÃn, _c1969. |
||
| 300 |
_a76 p. : _bil. ; _c15 cm. |
||
| 852 |
_aES-MaACL _jC-36731 _bR.69418 |
||
| 999 |
_c109262 _d109262 |
||